000 00812nam a2200217 a 4500
001 39898
003 BD-RjUL
005 20211209053101.0
008 160419s1978 ii ||||| |||| 00| 0 ben d
035 _a(BD-RjUL) 40012
040 _aBD-RjUL
_bben
_cBD-RjUL
041 _aben
082 _223
_a954.023
_bCHM 1978
100 _aচন্দ্র, সতীশ
_9122907
245 1 0 _aমোগল দরবারে দল ও রাজনীতি /
_cসতীশ চন্দ্র
260 _aকলকাতা :
_bকে পি বাগচী,
_c১৯৭৮
300 _axiv, ৪৪৪ পৃ. ;
_c২১ সেমি
650 _aমোগল ইতিহাস
_zভারত
_9122908
_y১৭০৭-১৭৪৪
650 _a Mogul Empire
_9122909
_y1707-1744
_zIndia
942 _2ddc
_cBK
999 _c39898
_d39898